Opakovateľnosť a reprodukovateľnosť výroby pri reverse engineering

Na minha lista:
Detalhes bibliográficos
Autor principal: Vagovský, Juraj, 1988- (Author)
Outros Autores: Görög, Augustín (Thesis advisor)
Formato: Thesis Livro
Idioma:eslovaco
Publicado em: 2015
Assuntos:
Acesso em linha:http://is.stuba.sk/zp/portal_zp.pl?podrobnosti=101495
Tags: Adicionar Tag
Sem tags, seja o primeiro a adicionar uma tag!

MARC

LEADER 00000ntm a22000003a 4500
001 stuzp35711
003 SK-STU
005 20160719152958.9
007 ta
008 150427s2015----xo-----f-mn---000-0-slo-d
040 |a STU  |b slo 
041 0 |a slo 
100 1 |a Vagovský, Juraj,  |d 1988-  |u M3000  |4 aut  |r Z3  |9 100  |U MTF Materiálovotechnologická fakulta  |T MTF Ústav výrobných technológií  |X 48633  |U M3000  |Y 83  |7 A000048633 
242 0 1 |a Repeatability and reproducibility of production in reverse engineering  |y eng 
245 1 0 |a Opakovateľnosť a reprodukovateľnosť výroby pri reverse engineering 
260 |c 2015 
300 |a 114 s.,  |e 1 CD-ROM, autoreferát 
500 |a Študijný program: strojárske technológie a materiály 
500 |a Číslo študijného odboru: 2307 
500 |a Názov študijného odboru: 5.2.7 strojárske technológie a materiály 
502 |a Dizertačná práca (PhD.) - STU MTF v Trnave UVTE, 2015 
650 4 |a meranie  |2 slo 
650 4 |a digitalizácia  |2 slo 
650 4 |a skener  |2 slo 
650 4 |a variabilita  |2 slo 
650 4 |a opakovateľnosť  |2 slo 
650 4 |a reprodukovateľnosť  |2 slo 
650 4 |a reverzné inžinierstvo  |2 slo 
650 4 |a measurement  |2 eng 
650 4 |a digitization  |2 eng 
650 4 |a scanner  |2 eng 
650 4 |a variability  |2 eng 
650 4 |a repeatability  |2 eng 
650 4 |a reproducibility  |2 eng 
650 4 |a reverse engineering  |2 eng 
700 1 |a Görög, Augustín  |4 ths  |X 4179  |7 A000004179 
856 4 |u http://is.stuba.sk/zp/portal_zp.pl?podrobnosti=101495 
996 |b .  |c M* DzP-458  |l MMSKP  |s P  |a 0  |w stuzp35711_0001 
SQL |a stuzp35711  |b DDZ  |c SLO  |d Opakovateľnosť a reprodukovateľnosť výroby pri reverse engineering  |e 48633  |f Vagovský, Juraj  |g 063000  |h 4179  |i Görög, Augustín  |j 20150825  |k 200  |l 06  |m http://is.stuba.sk/zp/portal_zp.pl?podrobnosti=101495  |n D-STM  |o 5.2.7. strojárske technológie a materiály